| 000 | 00689cab a2200229 4500 | ||
|---|---|---|---|
| 001 | ABS51452 | ||
| 008 | 090401t1994 xxu||||| |||| 00| 0 eng d | ||
| 035 | _a(Sirsi) u27747 | ||
| 041 | _aeng | ||
| 245 | _aDecline and fall of partnership | ||
| 260 | _c1994 | ||
| 350 | _a0 | ||
| 490 |
_aProfessional Practice Management _v12(70 July 1994, 97-100(4) |
||
| 520 | _aExamines the decline in the popularity of partnerships in professional practice. | ||
| 650 | _aINCORPORATION | ||
| 650 | _aPARTNERSHIPS | ||
| 650 | _aPRACTICE MANAGEMENT | ||
| 650 | _aPROFESSIONAL LIABILITY | ||
| 690 | _aMANAGEMENT-BUSINESS MANAGEMENT-PROFESSIONAL PRACTICE | ||
| 942 | _n0 | ||
| 948 | _c04/03/1997 | ||
| 999 |
_c18692 _d18692 |
||